000
00317nmm a2200145 a 4500
003
AR-BaBNM
005
20251128202649.0
008
013119s1909 ||||||||||||||000 | spa||
040
_c
AR-BaBNM
100
1
_a
Lichtenberger, Henri
245
1
0
_a
Wagner
260
_a
[S.l.]
_b
F. Alcan
_c
1909
942
_c
BK
998
_c
Rhizi
999
_c
31
_d
31